header

International journal of contemporary hospitality management. (Record no. 39050)

MARC details
000 -LEADER
fixed length control field 01310nam a2200289Ia 4500
245 00 - TITLE STATEMENT
Title International journal of contemporary hospitality management.
260 ## - PUBLICATION, DISTRIBUTION, ETC. (IMPRINT)
Place of publication [Bradford, England] :
Name of publisher Emerald,
Year of publication 2008.
300 ## - PHYSICAL DESCRIPTION
Number of Pages p. 243-368 :
Other physical details ill.
490 0# - SERIES STATEMENT
Series statement International journal of contemporary hospitality management ;
650 #0 - SUBJECT ADDED ENTRY--TOPICAL TERM
Topical Term Hospitality industry
Topical Term Management.
Topical Term Tourism.
856 40 - ELECTRONIC LOCATION AND ACCESS
Uniform Resource Identifier http://site.ebrary.com/lib/rucke/Doc?id=10229733

No items available.

© 2026 Rongo University
Contact us: librarian | system librarian | Rongo university